|
|
|
|
| LEADER |
01814nam a2200289 a 4500 |
| 001 |
13970844 |
| 008 |
091013r2006 nju b 001 0 eng d |
| 010 |
|
|
|a 2005014289
|
| 020 |
|
|
|a 8175342404
|
| 020 |
|
|
|a 1584776323 (alk. paper)
|
| 040 |
|
|
|a DLC
|c DLC
|d DLC
|
| 082 |
0 |
0 |
|a 340
|2 22
|
| 100 |
1 |
|
|a Holland, Thomas Erskine,
|c Sir,
|d 1835-1926.
|
| 245 |
1 |
4 |
|a The elements of jurisprudence /
|c by Thomas Erskine Holland with an introduction by N.R. Madhava Menon
|
| 250 |
|
|
|a 19 th ed.
|
| 260 |
|
|
|a Clark, NJ ;
|a Delhi :
|b Lawbook Exchange;
|b Universal Law publishing,
|c 2006.[reprinted]
|
| 300 |
|
|
|a xxxviii, 458 p.
|c 23 cm.
|
| 500 |
|
|
|a Originally published: 1st American ed. from 7th English ed. St. Paul : West Pub. Co., 1896.
|
| 504 |
|
|
|a Includes bibliographical references and index.
|
| 541 |
1 |
|
|e 00015186
|
| 505 |
0 |
|
|a Jurisprudence -- Law -- Laws as rules of human action -- Positive law -- The sources of law -- The object of law -- Rights -- Analysis of a right -- The leading classifications of rights -- Rights at rest in motion --Private law : rights in rem -- Private law : rights in personam --Private law : remedial rights -- Private law : abnormal -- Private law : adjective -- Public law -- International law -- The application of law.
|
| 650 |
|
0 |
|a Jurisprudence.
|
| 700 |
1 |
|
|a Menon, N.R. Madhava
|
| 852 |
4 |
|
|a Ayesha Abed Library
|j General Shelf.
|
| 999 |
|
|
|c 4536
|d 4536
|
| 952 |
|
|
|0 0
|1 0
|2 ddc
|4 0
|6 340_HOL_200600000000000
|7 0
|9 4276
|a BRACUL
|b BRACUL
|c GEN
|d 2009-10-13
|g 0.00
|l 5
|m 27
|o 340 HOL
|p 3010015186
|r 2020-03-15
|s 2020-01-27
|t 1
|w 2009-10-13
|y BK
|x No price found in the accession register.
|
| 952 |
|
|
|0 0
|1 0
|2 ddc
|4 0
|6 340_HOL_200600000000000
|7 0
|9 4277
|a BRACUL
|b BRACUL
|c GEN
|d 2009-10-13
|g 0.00
|l 8
|m 14
|o 340 HOL
|p 3010015185
|r 2022-12-21
|s 2022-12-21
|t 2
|w 2009-10-13
|y BK
|x No price found in the accession register.
|